000 00394pab a2200145 454500
008 180718b1999 xxu||||| |||| 00| 0 eng d
100 _aRaghavan, R.K.
245 _aIndependence of the police investigating agency for ensuring socio-economic justice to the citizens
260 _c1999
300 _ap.4-7
362 _aSep
650 _aPolice
773 _aC.B.I. Bulletin
909 _a42882
999 _c42882
_d42882